Geography Quiz

Random Geography or War Quiz

Military by Numbers Quiz Stats

Quiz Updated Nov 28, 2011

Challenge
Share
Tweet
Embed
Score 0/99 Timer 03:00
17 Plays Today
% Correct
1. United States
99.8%
1. United States
99.8%
2. United States
99.8%
2. United States
99.8%
1. United States
99.8%
1. United States
99.7%
2. United States
99.7%
1. United States
99.5%
1. United States
99.5%
9. United States
99.5%
2. China
98.4%
4. China
98.4%
3. China
98.4%
1. China
98.4%
4. China
98.4%
3. China
98.2%
2. China
98.1%
3. China
98.1%
5. Russia
97.6%
4. Russia
97.6%
4. Russia
97.6%
4. Russia
97.6%
1. Russia
97.5%
2. Russia
97.5%
1. Russia
97.5%
3. Russia
97.3%
3. Russia
97.3%
8. Russia
97.3%
4. United Kingdom
96.7%
3. United Kingdom
96.7%
5. United Kingdom
96.7%
10. United Kingdom
96.6%
9. United Kingdom
96.4%
% Correct
3. France
95.2%
4. France
95.2%
7. France
95.1%
3. France
95.1%
8. France
95%
5. France
95%
8. Germany
93.4%
4. Japan
89.4%
6. Japan
89.3%
6. Japan
89.1%
4. India
87.2%
3. India
87.2%
8. India
87.1%
8. India
87.1%
10. India
87.1%
5. India
87.1%
5. Iran
87%
4. India
86.9%
1. India
86.9%
9. Iran
86.9%
7. Iran
86.7%
10. Iran
86.7%
5. North Korea
84.4%
2. North Korea
84.4%
4. North Korea
84.3%
9. North Korea (unverified)
84.3%
10. North Korea
84.1%
2. North Korea
84.1%
2. Spain
81.9%
2. Italy
80.6%
4. Brazil
80.6%
6. Italy
80.6%
4. Italy
80.6%
% Correct
6. South Korea
79.7%
9. South Korea
79.7%
6. South Korea
79.5%
10. Mexico
75.7%
7. Pakistan
74.3%
7. Pakistan
74.3%
7. Pakistan
74.1%
10. Israel
72.6%
6. Israel (undeclared)
72.6%
8. Israel
72.6%
5. Israel
72.4%
10. Egypt
69.7%
10. Egypt
69.7%
9. Egypt
69.6%
9. Egypt
69.5%
4. Egypt
69.5%
9. Saudi Arabia
60.4%
9. South Africa
58.3%
6. Turkey
57.6%
8. Turkey
57.6%
8. Turkey
57.6%
7. Turkey
57.6%
7. Turkey
57.4%
6. Turkey
57.4%
2. Turkey
57.4%
4. Sweden
47.2%
7. Ukraine
46.8%
5. Ukraine
46.8%
6. Syria
42%
6. Syria
42%
5. Syria
41.8%
4. Thailand
33.3%
8. Jordan
29.3%

You're not logged in!

Compare scores with friends on all Sporcle quizzes.
Sign Up with Email
OR
Log In

You Might Also Like...

Show Comments

Extras

Top Quizzes Today


Score Distribution

Your Account Isn't Verified!

In order to create a playlist on Sporcle, you need to verify the email address you used during registration. Go to your Sporcle Settings to finish the process.

Report this User

Report this user for behavior that violates our Community Guidelines.

Details: